000 00417nam a22001697a 4500
003 SGT
020 _a9789384765873
082 _a301
_bI22S
100 _aSHARMA, PREM
245 _aINTRODUCTION TO SOCIOLOGY FOR NURSING STUDENTS
250 _a2ND
260 _aINDIA
_bLOTUS PUB
_c2022
300 _a340
650 _aSOCIOLOGY
653 _aINTRODUCTION TO SOCIOLOGY FOR NURSING STUDENTS
942 _2ddc
_cBK
_0136
999 _c24805
_d24805